Be Courteous, or, Religion, the True Refiner (Record no. 238658)
[ view plain ]
| 000 -LEADER | |
|---|---|
| fixed length control field | 00814cam a22002773a 4500 |
| 001 - CONTROL NUMBER | |
| control field | 9402 |
| 003 - CONTROL NUMBER IDENTIFIER | |
| control field | PGUSA |
| 005 - DATE AND TIME OF LATEST TRANSACTION | |
| control field | 20140828083211.0 |
| 008 - FIXED-LENGTH DATA ELEMENTS--GENERAL INFORMATION | |
| fixed length control field | 051201s2005||||xxu|||||s|||||000 | eng d |
| 040 ## - CATALOGING SOURCE | |
| Original cataloging agency | PGUSA |
| Language of cataloging | eng |
| 042 ## - AUTHENTICATION CODE | |
| Authentication code | dc |
| 050 #4 - LIBRARY OF CONGRESS CALL NUMBER | |
| Classification number | BJ |
| 050 #4 - LIBRARY OF CONGRESS CALL NUMBER | |
| Classification number | BV |
| 100 1# - MAIN ENTRY--PERSONAL NAME | |
| Personal name | Maxwell, M. H. |
| Fuller form of name | (Mary H.), |
| Dates associated with a name | 1815-1891 |
| 245 10 - TITLE STATEMENT | |
| Title | Be Courteous, or, Religion, the True Refiner |
| Medium | [electronic resource] / |
| Statement of responsibility, etc | M. H. Maxwell |
| 260 ## - PUBLICATION, DISTRIBUTION, ETC. (IMPRINT) | |
| Name of publisher, distributor, etc | Project Gutenberg, |
| Date of publication, distribution, etc | 2005 |
| 506 ## - RESTRICTIONS ON ACCESS NOTE | |
| Terms governing access | Public domain in the USA. |
| 516 ## - TYPE OF COMPUTER FILE OR DATA NOTE | |
| Type of computer file or data note | Electronic text |
| 653 ## - INDEX TERM--UNCONTROLLED | |
| Uncontrolled term | Conduct of life -- Religious aspects |
| 653 ## - INDEX TERM--UNCONTROLLED | |
| Uncontrolled term | Sunday school literature |
| 653 ## - INDEX TERM--UNCONTROLLED | |
| Uncontrolled term | Methodist Church -- Juvenile literature |
| 653 ## - INDEX TERM--UNCONTROLLED | |
| Uncontrolled term | Charity |
| 830 #0 - SERIES ADDED ENTRY--UNIFORM TITLE | |
| Uniform title | Project Gutenberg |
| Volume number/sequential designation | 9402 |
| 856 40 - ELECTRONIC LOCATION AND ACCESS | |
| Uniform Resource Identifier | <a href="http://www.gutenberg.org/ebooks/9402">http://www.gutenberg.org/ebooks/9402</a> |
| 942 ## - ADDED ENTRY ELEMENTS (KOHA) | |
| Koha item type | eBooks |
| Withdrawn status | Lost status | Damaged status | Home library | Current library | Date acquired | Total Checkouts | Date last seen | Price effective from | Koha item type |
|---|---|---|---|---|---|---|---|---|---|
| Project Gutenberg | Project Gutenberg | 08/28/2014 | 08/28/2014 | 08/28/2014 | eBooks |